La libert ̉di stampa nel Diritto Internazionale ed Europeo

Detalles Bibliográficos
Autor principal: Castellaneta, Marina
Formato: eBook
Lenguaje:italiano
Publicado: Bari : Cacucci Editore, 2012
Materias:
Acceso en línea:http://www.vlex.com/source/7259

MARC

LEADER 00000nam a22000007a 4500
005 20130225182651.0
007 cr|||| ||||
008 130225e2012 it |||||s|||| 00||0 ita d
020 |a 9788866112020 
035 |a 7259 
040 |a vLex 
090 |c 3759  |d 3759 
100 1 0 |a Castellaneta, Marina 
245 1 3 |a La libert ̉di stampa nel Diritto Internazionale ed Europeo  |h [Recurso electrn̤ico] 
256 |a Servicio en ln̕ea 
260 |a Bari :  |b Cacucci Editore,   |c 2012 
300 |a 1 Recurso electrn̤ico 
650 0 4 |a Derecho internacional 
650 0 4 |a Libertad de expresin̤ 
650 0 4 |a Libertad de prensa 
740 |a vLex Libros (Servicio en ln̕ea) 
856 |a Acceso restringido  |u http://www.vlex.com/source/7259 
942 |c BOOK 
999 0 |a International law